[Event "Reykjavik Hrokurinn"]
[Site "Reykjavik"]
[Date "2003.02.18"]
[Round "1"]
[White "McShane, Luke J"]
[Black "Kortschnoj, Viktor Lvovich"]
[Result "1/2-1/2"]
[WhiteElo "2568"]
[BlackElo "2642"]
[Annotator "McShane,L"]
[PlyCount "99"]
[EventDate "2003.02.18"]
[EventType "tourn"]
[EventRounds "9"]
[EventCountry "ISL"]
[EventCategory "15"]
[SourceTitle "CBM 094"]
[Source "ChessBase"]
[SourceDate "2003.05.26"]
[SourceVersion "1"]
[SourceVersionDate "2003.05.26"]
[SourceQuality "1"]

1. e4 e6 2. d4 d5 3. Nd2 c5 4. Ngf3 Nc6 5. exd5 exd5 6. Bb5 Bd6 7. dxc5 Bxc5 8.
O-O Nge7 9. Nb3 Bb6 10. Re1 O-O 11. Be3 (11. Bg5 {Kortchnoi}) 11... Bxe3 (11...
Bf5 {[%csl Ge4][%cal Yf5e4]}) (11... Bg4 12. Bxb6 Qxb6 (12... axb6 $143) 13.
Bxc6 {[%csl Re7][%cal Ye1e7]} Nxc6 $8 14. Qxd5 $16) 12. Rxe3 Bg4 13. h3 Bh5 (
13... Bxf3 14. Qxf3 $14) 14. Qd2 Bxf3 15. Rxf3 Qb6 16. a4 (16. Bxc6 bxc6 17.
Re1 Ng6 18. Qc3 Rab8 {'!'} 19. Rfe3 (19. Nc5 $2 Qxb2 20. Nd7 Qxc3 21. Rxc3 Rfe8
$1) 19... f6 20. Kh1 Rfd8 21. Re6 Qxf2 22. Rxc6 Ne5 23. Rc7 d4 24. Qa5 Rb5 25.
Qxb5 Qxe1+ 26. Kh2 Nf3+ 27. gxf3 Qf2+ 28. Kh1 Qxf3+ 29. Kh2 Qf4+ 30. Kg2 Qxc7
31. Nc5 Qe5 32. Qc4+ Qd5+ 33. Qxd5+ Rxd5 34. Nd3 g5 35. Kf3 f5 36. Ke2 Kf7 37.
Nb4 Rb5 38. a3 a5 39. Nd3 Ke6 40. a4 Rb8 41. Nc5+ Kd5 {0-1 Breder,D-Casper,T/
Germany 2002/EXT 2003 (41)}) 16... Rad8 $146 (16... Ne5 17. Re3 f6 18. Rae1
Rfd8 19. Nd4 a6 20. Bf1 N7c6 21. Nxc6 Qxc6 22. a5 Qc5 23. b4 Qc7 24. c3 Rd7 25.
Rd1 Rad8 26. Qd4 Nc6 27. Qg4 Re7 28. Rxe7 Qxe7 29. g3 Qe5 30. Bg2 g6 31. Qf4
Qxc3 32. Rxd5 Rf8 33. Rd7 Rf7 34. Bd5 {1-0 Emms,J-Casper,T/Germany 2002/EXT
2003 (34)}) 17. Re1 a6 18. Bd3 Ng6 (18... d4 {is bad in principle but slightly
embarrasses the Rf3, e.g.} 19. Rf4 f5 {[%csl Rf4][%cal Yf5e4]}) 19. Rfe3 Qc7 {
[%csl Gc7,Ge5][%cal Yg6e5,Ye5c4]} (19... d4 20. Re4 {is no problem for me.
Attacking the rook again by} f5 $2 21. Re6 {only weakens Black.}) 20. Bxg6 {
To avoid the irritation of Ng6-e5.} (20. R3e2 Nf4 {[%csl Gf4]}) 20... hxg6 21.
Nc5 (21. Nd4 $2 {[%csl Rc2][%cal Yc6d4]} Nxd4 22. Qxd4 Qxc2) (21. c3 Qb6 $1 22.
Nd4 Nxd4 23. cxd4 $11) 21... Na5 (21... d4 22. Re4 $1 (22. R3e2 $6 $132 d3 $1
$36 {[%csl Rc2,Re1,Re2][%cal Yc6d4,Yd4c2] I had seen})) 22. Qb4 b6 (22... Nc6)
23. Nxa6 Qxc2 (23... Qb7 24. Qb5 $16 {[%cal Ya6b4]}) 24. Rc3 $1 Qd2 (24... Qf5
25. Qxb6 $16 d4 $2 26. Rc5 $18) 25. Rc7 (25. Rcc1) 25... Qxb4 26. Nxb4 d4 27.
Nd3 Rc8 28. Ree7 {[%csl Rc8][%cal Ye7f7]} (28. Rec1 {probably leads to the
same thing.}) 28... Rxc7 29. Rxc7 Nb3 (29... Ra8 30. Nc1 $1 {[%csl Ra5][%cal
Yc1b3,Yc7c4,Yc7b7,Ra5b7,Ra5c6,Ra5c4,Ra5b2,Gb2b4]} Rd8 $140 31. b4 d3 32. Nxd3
Rxd3 33. bxa5 bxa5 34. Rc5 $16 {I am sure to win the a-pawn.}) 30. Rc6 (30. Rb7
Nc5) 30... Rb8 $1 31. Kf1 Nc5 {Here Viktor offered a draw, butI just wanted to
play on a little further without any risk.} (31... Kf8 32. Ke2 Ke7 33. Kd1 Kd7
$6 34. Ne5+ $1 {[%csl Ge5][%cal Ye5c6,Ye5d7]}) 32. Nxc5 bxc5 33. Rxc5 Rxb2 34.
Rc8+ (34. Rd5 Rb4 35. a5 {might at least have had the benefit of not allowing
him to equalise absolutely trivially with 37...d3!} Kf8 36. Ke2 Ke7 37. Kd3 {
[%cal Yd5d4]} Ra4) 34... Kh7 35. Rd8 Rb4 36. a5 Ra4 37. Rd5 d3 $1 (37... Kg8
38. Ke2 Kf8 39. Kd3 Ke7 40. Rb5 {and now I could decide whether my winning
chances were greater than zero.}) 38. Ke1 Ra2 39. Rxd3 Rxa5 40. g3 g5 41. Kf1
Kg6 42. Kg2 f6 43. Rd4 Ra3 44. h4 gxh4 45. Rg4+ Kf7 46. Rxh4 Ra2 47. Rb4 Kg6
48. Rg4+ Kf7 49. Rb4 Kg6 50. Rg4+ 1/2-1/2

[Event "Belgrade RAD 30"]
[Site "Belgrade"]
[Date "1977.01.26"]
[Round "9.1"]
[White "Matulovic, Milan"]
[Black "Portisch, Ferenc"]
[Result "1/2-1/2"]
[WhiteElo "2510"]
[BlackElo "2475"]
[Annotator "Primel,D"]
[PlyCount "42"]
[EventDate "1977.01.15"]
[EventType "tourn"]
[EventRounds "13"]
[EventCountry "SRB"]
[EventCategory "9"]
[SourceTitle "EXT 2018"]
[Source "ChessBase"]
[SourceDate "2017.10.13"]
[SourceVersion "1"]
[SourceVersionDate "2017.10.13"]
[SourceQuality "1"]
[TimeControl "40/9000:16/5400:0"]

1. e4 e6 2. d4 d5 3. Nd2 c5 4. exd5 exd5 5. Ngf3 Nc6 6. Bb5 Bd6 7. O-O (7. dxc5
Bxc5 8. O-O Nge7 9. Nb3 (9. c3) 9... Bd6 10. Re1) 7... Nge7 8. dxc5 Bxc5 9. Nb3
Bd6 10. Nbd4 O-O 11. Be3 Bg4 12. Qd2 Rc8 (12... Qc7 13. h3 Bd7 (13... Bh5 14.
Nh4) 14. Bd3 a6 15. Rfe1 Rfe8 16. c3 Na5 17. Qc2 h6 18. Re2 Nc4 19. Rae1 Nxe3
20. Rxe3 Nc6 21. Qb3 Rxe3 22. Rxe3 Ne7 23. Qc2 Rd8 24. Qe2 Nc6 25. Bf5 Bf4 26.
Rd3 Re8 27. Qf1 {Matulovic,M (2485)-Raicevic,V (2455) Banja Luka 1987 1-0 (59)}
) 13. Rfe1 (13. c3 a6 14. Bd3 Qc7 15. h3 Bh5 16. Nh4 Bg6 17. Nxg6 hxg6 18. Rfe1
Rfd8 19. Rad1 Nxd4 20. Bxd4 Nc6 21. Be3 {1/2-1/2 (20) Jansa,V (2480)-Hort,V 
(2600) Luhacovice 1973}) 13... Bb8 14. Bf4 Qb6 $146 (14... Nxd4 15. Nxd4 Bxf4
16. Qxf4 Bh5 $2 17. Qe5 Qb6 18. c3 Bg6 19. Qxe7 a6 20. Bd7 Rc7 21. Qxf8+ Kxf8
22. Re8# {1-0 (22) Matulovic,M-Uhlmann,W Herceg Novi 1970}) 15. a4 Bxf3 16.
Nxf3 Bxf4 17. Qxf4 Ng6 18. Qd2 a6 19. Bd3 (19. Bxc6) 19... Qxb2 20. Rab1 Qa3
21. Rxb7 Qxa4 1/2-1/2

[Event "Hoogovens-B"]
[Site "Wijk aan Zee"]
[Date "1999.01.29"]
[Round "9"]
[White "Glek, Igor Vladimirovich"]
[Black "Lputian, Smbat G"]
[Result "1/2-1/2"]
[WhiteElo "2566"]
[BlackElo "2614"]
[Annotator "Psakhis,L"]
[PlyCount "67"]
[EventDate "1999.01.19"]
[EventType "tourn"]
[EventRounds "11"]
[EventCountry "NED"]
[EventCategory "11"]
[SourceTitle "CBM 069"]
[Source "ChessBase"]
[SourceDate "1999.04.01"]
[SourceVersion "1"]
[SourceVersionDate "1999.04.01"]
[SourceQuality "1"]

1. e4 e6 2. d4 d5 3. Nd2 c5 4. Ngf3 Nc6 5. exd5 exd5 6. Bb5 Bd6 7. dxc5 Bxc5 8.
O-O Nge7 9. c4 {Fashionable continuation, but, I am sure , doesn,t produce
real troubles for black.} O-O 10. Nb3 Bd6 11. c5 (11. cxd5 Nb4 12. Bg5 a6 13.
Be2 h6 14. Bh4 Nbxd5 15. Nfd4 Qb6 16. Bf3 Ng6 17. Bg3 Bxg3 18. hxg3 Nf6 $11 {
1/2-1/2 Kavalek,L-Portisch,L/Wijk aan Zee 1978 (38)}) (11. Bxc6 bxc6 12. c5 Bc7
13. Nbd4 Bg4 14. Bg5 f6 15. Bh4 Be5 16. Qd2 Bxf3 17. Nxf3 Qd7 18. Rae1 Ng6 19.
Bg3 Rfe8 $11 {0-1 Rublevsky,S-Vaganian,R/Elista ol 1998 (37)}) 11... Bc7 12.
Bg5 Bg4 {N/ Black hadn,t problems and after} (12... f6 13. Bh4 Bg4 14. Bg3 Be5
15. Rb1 a5 16. Be2 Bf5 17. Bd3 a4 18. Nc1 Bg4 19. Be2 Re8 $11 {1/2-1/2
Kobalija,M-Lputian,S/Elista ol 1998 (39) or}) (12... h6 13. Bh4 Bg4 14. Be2 Re8
15. Qd2 Qd7 16. Rfd1 Nf5 17. Bg3 Nxg3 18. hxg3 Rad8 $11 {1/2-1/2
Miethke-Quinque/corr 1989 (30)}) 13. Re1 f6 14. Bh4 Be5 15. Rb1 Nf5 {[%csl Ge5,
Gf5]} (15... Qc7 16. Bg3 Rad8 $2 17. Nxe5 Bxd1 18. Nxc6 $18) 16. Bg3 Re8 17.
Qd2 {Glek don,t care too much about pawn,s weaknesses  on the king side, also
deserves attention} (17. Qd3 $5) 17... Bxf3 18. gxf3 Nfd4 19. Nxd4 Nxd4 {
Looks that Lputian seizured initiative, but it,s only illusion!} 20. Qd3 $1 (
20. Qxd4 Bxd4 21. Rxe8+ Qxe8 22. Bxe8 Rxe8 23. Rd1 Bxb2 24. Rxd5 Kf7 $15) 20...
Nxb5 21. Qxb5 {[%csl Rd5][%cal Gf3f4,Gb1d1]} Bxg3 22. hxg3 Re7 {[%cal Gd8d7]}
23. Qd3 Rxe1+ 24. Rxe1 Qd7 25. b4 Rd8 (25... d4 $2 26. Qc4+ Kh8 27. Re6 Qf7 28.
Qd5 $18) (25... a6 26. Re4 $5 {[%cal Ge4d4]}) 26. b5 (26. Qd4 a6 $11) 26... d4
27. Rc1 Qd5 28. a4 (28. c6 $5 bxc6 (28... Rc8 29. Qc4 Qxc4 30. Rxc4 bxc6 31.
Rxc6 $1 Rd8 32. Kf1 d3 33. Ke1 d2+ 34. Kd1) 29. bxc6 Rc8 30. c7 Qd7 31. Rc4)
28... g6 29. Rc4 Rd7 30. Kg2 (30. c6 bxc6 31. bxc6 Rc7 32. Qxd4 Qxd4 33. Rxd4
Rxc6 34. Rd8+ Kg7 (34... Kf7 35. Rd7+ Ke6 36. Rxh7 $14 (36. Rxa7 Rc1+ 37. Kg2
Ra1 $11)) 35. Rd7+ Kh6 36. Rxa7 Rc1+ 37. Kg2 Ra1 $11) 30... Kg7 31. c6 bxc6 32.
bxc6 $6 (32. Rxc6 $142 $14) 32... Rc7 33. Rxd4 Qxc6 34. Qe3 1/2-1/2

[Event "Olympiad-33"]
[Site "Elista"]
[Date "1998.10.10"]
[Round "11.1"]
[White "Rublevsky, Sergei"]
[Black "Vaganian, Rafael A"]
[Result "0-1"]
[WhiteElo "2685"]
[BlackElo "2630"]
[Annotator "Psakhis,L"]
[PlyCount "74"]
[EventDate "1998.09.29"]
[EventType "team-swiss"]
[EventRounds "13"]
[EventCountry "RUS"]
[SourceTitle "CBM 068"]
[Source "ChessBase"]
[SourceDate "1999.02.01"]
[SourceVersion "1"]
[SourceVersionDate "1999.02.01"]
[SourceQuality "1"]
[WhiteTeam "Russia"]
[BlackTeam "Armenia"]
[WhiteTeamCountry "RUS"]
[BlackTeamCountry "ARM"]

1. e4 {Hecht} e6 2. d4 d5 3. Nd2 c5 4. exd5 exd5 5. Bb5+ Nc6 6. Ngf3 Bd6 7.
dxc5 Bxc5 8. O-O Nge7 9. c4 {Rather rare move, was played many times with
success bz russian grandmaster Semen Dvoirys.Usual continuation is} (9. Nb3 Bd6
10. Re1 O-O 11. Bg5 {or} (11. Bd3)) 9... O-O 10. Nb3 Bd6 (10... Bb6 11. c5 Bc7
12. Bg5 Bg4 13. Re1 f6 14. Bh4 Nf5 15. Bg3 Nxg3 16. hxg3 $14 {1-0 Dvoirys,
S-Vaganian,R/Yerevan 1997}) 11. Bxc6 (11. cxd5 Nb4 12. Bg5 Nbxd5 13. Qd4 Nf5
14. Qd3 Be7 15. Bxe7 Ndxe7 16. Rac1 Qb6 17. Bc4 Nd6 $11 {1-0 Kuzmin,G-Portisch,
F/Budapest 1978 (45)}) 11... bxc6 12. c5 Bc7 13. Nbd4 {Stronger then} (13. Nfd4
{and after} a5 $1 14. a4 Ng6 15. g3 Bh3 16. Re1 Qd7 17. Nd2 Rae8 $17 {0-1
Armitage-Berglund,J/corr 1983 (27) black get better chances.}) 13... Bg4 14.
Bg5 f6 15. Bh4 Be5 $1 {[%csl Ge5,Gg4] N/ New strong move is clear improvement
to the} (15... Ng6 {and after} 16. Bg3 Ne5 17. Qa4 $1 Bxf3 18. gxf3 Qd7 19. f4
Nd3 20. Qxc6 Qxc6 21. Nxc6 $16 {1-0 Dvoirys,S-Shulman,Y/Nizhnij Novgorod op
1998 (48) White won pawn.}) 16. Qd2 (16. Qa4 Bxf3 17. Nxf3 (17. gxf3 Bxd4 18.
Qxd4 Nf5 $15) 17... Bxb2 18. Rab1 Bc3 (18... Be5 19. Nxe5 fxe5 20. Bxe7 Qxe7
21. Qxc6 $14) 19. Rb7 Re8 20. Rfb1 $44) 16... Bxf3 17. Nxf3 Qd7 {It start to
be clear, that Vaganian equalized game.} 18. Rae1 Ng6 $1 (18... Nf5 $143 19.
Bg3 Nxg3 20. hxg3) 19. Bg3 Rfe8 20. Re2 Re7 21. Rfe1 Rae8 22. Kf1 (22. Nxe5
Nxe5) 22... Qb7 23. Qd3 Qb4 $15 {[%csl Gb4,Rc5,Ge5,Gg6] White posision is
passive, and black,s advantage is not big but obvious. Rublevsky correctly
decided to exchange some pieces.} 24. Nxe5 Nxe5 25. Bxe5 Rxe5 26. Rxe5 fxe5 {
Hecht: 'Bessere schwarze Bauernstruktur (zentrale Bauernmasse!); grober Patzer
von Weiß im letzten Zug. Motiv: Fesselung. '} 27. Qc2 e4 28. Qc3 Qa4 ({
Deserves attention} 28... Qxc3 $5 29. bxc3 Rb8 {[%cal Rb8b5]} 30. c4 $1 {
'<=>' Hecht.} Kf7 $1 (30... dxc4 31. Rxe4 c3 32. Rc4 Rb1+ 33. Ke2 Rb2+ 34. Ke3
c2 35. a4 Kf7 36. Rf4+ Ke6 37. Kd2 $11) (30... Rb2 $6 31. cxd5 cxd5 32. Rc1 $14
) 31. cxd5 cxd5 $15 {and White must work hard to make draw.}) 29. b3 Qa6+ (
29... Qxa2 $4 30. Ra1) 30. Re2 Rd8 31. Qd4 (31. Qe5 Qc8 $5 $15) 31... Qb5 32.
Qe5 $1 h6 (32... Qxc5 33. Rxe4 $1 Rf8 34. f3 $13) 33. Qe6+ Kh8 34. Qe7 Rg8 35.
f3 (35. Qxa7 Rf8 {[%cal Re4e3]} 36. Qe7 Ra8 $1 $36) 35... exf3 36. gxf3 a5 $15
37. Qd6 $4 {[%mdl 8192]} (37. Kg2 {Hecht}) 37... Re8 0-1

[Event "Hoogovens-B"]
[Site "Wijk aan Zee"]
[Date "1999.01.31"]
[Round "11"]
[White "Brodsky, Michail"]
[Black "Lputian, Smbat G"]
[Result "1/2-1/2"]
[WhiteElo "2530"]
[BlackElo "2614"]
[Annotator "Psakhis,L"]
[PlyCount "82"]
[EventDate "1999.01.19"]
[EventType "tourn"]
[EventRounds "11"]
[EventCountry "NED"]
[EventCategory "11"]
[SourceTitle "CBM 069"]
[Source "ChessBase"]
[SourceDate "1999.04.01"]
[SourceVersion "1"]
[SourceVersionDate "1999.04.01"]
[SourceQuality "1"]

1. e4 e6 2. d4 d5 3. Nd2 c5 4. exd5 exd5 5. Bb5+ Nc6 6. Ngf3 Bd6 7. dxc5 Bxc5
8. O-O Nge7 9. Nb3 Bd6 10. Re1 O-O 11. Bd3 (11. Bg5 $5 {[%cal Gg5h4,Gh4g3]
20-25 years ago White automatically played this move, transfer lately bishop
on g3 and I can't say that got worse results then after fashinable move in the
text.}) 11... h6 12. h3 Nf5 13. c3 Qf6 {[%cal Gf8d8,Gd5d4]} (13... Bc7 $5) 14.
Bc2 Rd8 15. Qd3 {[%cal Rg2g4]} g6 16. Bd2 (16. Qd2 Bf8 17. Qf4 Bg7 18. Qc7 $4
Nd6 19. Nc5 Bxh3 20. gxh3 Qxf3 21. Re3 Qh5 $19 {0-1 Asrian,K-Lputian,S/ARM-ch
Erevan 1995 (28)}) 16... a5 $1 17. a4 b6 18. Qe2 (18. Be3 Ba6 19. Qd2 Nxe3 20.
Qxe3 Kg7 21. Bd3 Re8 22. Qd2 Bc4 23. Nbd4 Nxd4 24. Nxd4 Bc5 $11 {1/2-1/2
Rublevsky,S-Dolmatov,S/RUS-ch St.Peterburg 1998 (48)}) 18... Ba6 19. Bd3 Bxd3
20. Qxd3 d4 {N/ Smbat Lputian has great expierence in this variation, twice he
easily equalized chanses after} (20... Ne5 $5 21. Nxe5 Bxe5 22. Rad1 (22. Qf3
d4 23. cxd4 Nxd4 24. Nxd4 Bxd4 25. Qxf6 Bxf6 26. Bxh6 Bxb2 27. Rab1 Bc3 28.
Rec1 Bd4 29. Be3 $1 $11 {1/2-1/2 Psakhis,L-Lputian,S/Rostov 1993 (32)}) 22...
d4 23. cxd4 Nxd4 24. Bc3 Nc6 25. Bxe5 Nxe5 26. Qc3 Rxd1 27. Rxd1 Rd8 $1 $11 {
1/2-1/2 Gurevich,I-Lputian,S/Philadelphia 1994 (28) but now for some reasons
he choose another move,  and, maybe , not the best one.}) 21. cxd4 Nfxd4 22.
Nfxd4 Nxd4 23. Bc3 Nxb3 $1 24. Bxf6 Bh2+ 25. Kxh2 Rxd3 26. Rad1 {[%csl Rf6]}
Rxd1 27. Rxd1 $14 {White keeps initiative in spite of simplications,  thanks
to power bishop position .} Nc5 28. Rd4 Re8 {[%cal Gc5e4]} 29. f3 Kf8 30. Rc4 {
[%cal Gf6d4]} (30. b4 $2 axb4 31. Rxb4 Ra8 32. Rxb6 Nd7 $11) (30. Kg3 Re6 31.
Rd8+ Re8 32. Bg7+ Ke7 $11) 30... Nd7 31. Bc3 Ke7 32. b4 axb4 33. Bxb4+ Kd8 34.
a5 $1 Ne5 $1 (34... bxa5 $4 35. Bxa5+ Ke7 36. Re4+ Kf8 37. Bb4+ $18) (34... Re6
35. a6) 35. Rh4 (35. Rd4+ Kc7 36. Bd6+ Kc6 37. axb6 Kxb6 38. Re4 f6 39. Bxe5 (
39. f4 $2 Ng4+ $19) 39... Rxe5 40. Rxe5 fxe5 41. Kg3 Kc5 $11) 35... b5 $1 36.
Rxh6 (36. Rd4+ Kc7 37. Rd5 Nd7 $1 38. Kg3 (38. Rxb5 $2 Kc6 {[%csl Rb5]}) 38...
Re6 $11 {[%cal Gc7c6]}) 36... Nc6 37. Rh4 Kc7 $44 38. Bc3 Re3 39. Bd2 Re2 40.
Bc3 Re3 41. Bd2 Re2 1/2-1/2

[Event "RUS-ch 54th"]
[Site "Elista"]
[Date "2001.05.09"]
[Round "9"]
[White "Shovunov, Baatr"]
[Black "Diu, Viacheslav"]
[Result "1-0"]
[WhiteElo "2367"]
[BlackElo "2445"]
[Annotator "Psakhis,L"]
[PlyCount "69"]
[EventDate "2001.04.29"]
[EventType "swiss"]
[EventRounds "9"]
[EventCountry "RUS"]
[SourceTitle "CBM 083"]
[Source "ChessBase"]
[SourceDate "2001.07.05"]
[SourceVersion "1"]
[SourceVersionDate "2001.07.05"]
[SourceQuality "1"]

1. e4 e6 2. d4 d5 3. Nd2 c5 4. exd5 exd5 5. Ngf3 Nc6 6. Bb5 Bd6 7. O-O Nge7 8.
dxc5 Bxc5 9. c4 O-O 10. Nb3 Bb6 11. c5 Bc7 12. Bxc6 (12. Bd3 $5 Ng6 13. Bg5 f6
14. Be3 Nce5 15. Be2 Be6 16. Nbd4 Bf7 17. b3 a6 18. Rc1 Nxf3+ 19. Bxf3 Ne5 20.
Be2 $14 {1/2-1/2 Kholmov,R-Lebedev,A/Moscow-ch 2001/CA (42)}) 12... bxc6 13.
Nbd4 h6 ({It is interesting what White had in mind in the case of} 13... Bg4
$142 $5 14. Bg5 (14. Qa4 Qd7 15. Re1) 14... f6 15. Bh4 Be5 $1 16. Qd2 Bxf3 17.
Nxf3 Qd7 18. Rae1 Ng6 $11 {0-1 Rublevsky,S-Vaganian,R/Elista olm 1998/CBM 66
ext/ (37)}) 14. Re1 Bg4 15. Qa4 $146 {[%cal Ga4g4]} (15. h3 Bh5 16. Bd2 Qd7 17.
Qa4 Bxf3 18. Nxf3 Ng6 19. Nd4 Rac8 20. Bc3 Be5 21. Re3 Rfe8 22. Rae1 f6 23. Qc2
{1/2-1/2 Gipslis,A-Krogius,N/USSR-ch Tbilisi 1966 (23)}) 15... Bxf3 (15... Qd7
16. Ne5 Bxe5 17. Rxe5 $14 Rfe8 18. Bd2 $36) 16. Nxf3 Qd7 17. Nd4 $14 {[%csl
Rc6] This position is quite challenging for black as white got small advantage
without real counterplay from black.} Rab8 (17... Rfe8 $5) (17... Rac8 $5 {
[%cal Gc7b8]}) 18. b3 Rfc8 19. Bd2 Ng6 (19... Nf5 20. Nxc6 (20. Bc3 $5) 20...
Bxh2+ 21. Kxh2 Rxc6 22. Qf4 Rd8 23. b4 $36 {can't satisfy Black.}) 20. Nf3 Rb5
(20... Bd8 {[%cal Gd8f6]} 21. Bc3 Be7) 21. Rac1 Bd8 22. Bc3 Be7 23. b4 {
[%cal Ga2a4]} Nf4 {[%cal Gd7g4]} (23... a5 $5) 24. Qd1 $5 Bg5 $5 (24... Qg4 25.
g3 Nh3+ 26. Kf1 Rb7 27. Qd4 $1) 25. Rb1 (25. Nxg5 hxg5 26. Qd4 Ne6) 25... Rbb8
$6 {Diu managed to organized counterplay on the king's side, but this move is
too slow.} ({After almost force moves} 25... Qg4 $1 26. g3 Nh3+ {[%csl Gf1]}
27. Kf1 Qc4+ 28. Kg2 Qxc3 29. Rb3 $1 Qf6 30. Kxh3 Qf5+ 31. Kg2 Bf6 {he could
get equality.}) 26. Be5 (26. Nxg5 hxg5 27. Be5 Ra8 28. Bxf4 gxf4 29. Qd4 $14 {
also look nice for white, but text is more ambitios and stronger.}) 26... Ra8 {
What else?} (26... Qg4 27. g3 Nh3+ 28. Kg2 Rb7 29. Nd4 $18) 27. Bd6 {[%csl Gd6]
} Qg4 28. g3 Re8 29. Ne5 $1 Nh3+ (29... Qf5 30. Qf3 $5) 30. Kg2 Nf4+ (30... Qf5
31. Qf3 {[%csl Rh3]}) 31. Kh1 Qh3 (31... Qxd1 32. Rbxd1 Ng6 33. Nxc6 $18) 32.
Qf3 $18 {[%csl Rc6,Gd6,Ge5,Rf7] Game is over, black can't protect key pawn on
c6} (32. gxf4 $2 Bxf4 33. Ng4 Rxe1+ 34. Qxe1 Qf3+ $19) 32... Rxe5 $8 {
Desperation sacrifice!} 33. Rxe5 Ng6 34. Qf5 Qh5 35. Ree1 {[%cal Gf5h5,Rb4b5]}
1-0

[Event "GER-ch 73th"]
[Site "Altenkirchen"]
[Date "2001.12.08"]
[Round "9"]
[White "Handke, Florian"]
[Black "Mueller, Karsten"]
[Result "1-0"]
[WhiteElo "2384"]
[BlackElo "2503"]
[Annotator "Psakhis,L"]
[PlyCount "101"]
[EventDate "2001.11.30"]
[EventType "swiss"]
[EventRounds "9"]
[EventCountry "GER"]
[SourceTitle "CBM 087"]
[Source "ChessBase"]
[SourceDate "2002.03.21"]
[SourceVersion "1"]
[SourceVersionDate "2002.03.21"]
[SourceQuality "1"]

1. e4 e6 2. d4 d5 3. Nd2 c5 4. exd5 exd5 5. Ngf3 Nc6 6. Bb5 Bd6 7. dxc5 Bxc5 8.
O-O Nge7 9. Nb3 Bb6 (9... Bd6 {is more popular and possibly stronger than text}
) 10. Re1 O-O 11. Bg5 (11. Be3 $5) 11... f6 $6 {I don't think that Black can
solve opening problems with this move- White controles e line and can easy
increase preasure on isolated pawn} ({Worth considering} 11... Qd6 $5) ({or} 
11... h6) 12. Be3 Ne5 $146 {This new move doesn't change evaluation of
position - White's advantage maybe not so big but very stable} (12... Qd6 13.
Bxb6 axb6 14. Qd2 Ne5 15. Nbd4 Rd8 16. h3 N7c6 17. c3 Bd7 18. Bf1 Be8 19. a3
$14 {1/2-1/2 Matulovic,M-Sorensen,B/Copenhagen PC 1984 (38)}) (12... Bc7 13.
Bc5 Re8 14. Nfd4 Bd6 15. c4 Bxc5 16. Nxc5 Qd6 17. b4 a6 18. Bxc6 bxc6 19. cxd5
cxd5 20. Qa4 $14 {Marchini-Cacco,C/Marostica 1997/0-1 (46)}) (12... Bxe3 13.
Rxe3 a6 14. Be2 Ng6 15. Qd2 a5 16. Rd1 a4 17. Nbd4 Qb6 18. c3 Nge5 19. h3 Kh8
20. Bf1 $14 {1-0 Matulovic,M-Janosevic,D/Sarajevo op 1974/EXT 2001 (51)}) 13.
Bxb6 Qxb6 14. Nfd4 N7g6 15. Qd2 a6 16. Bf1 Bd7 17. Ne2 $5 {[%csl Rd5][%cal
Gd2d4,Ge2c3] To win pawn even better than to blockade it!} Be6 18. Qd4 Qc7 (
18... Qxd4 19. Nexd4 $36) 19. Rad1 Rac8 ({I think that brave} 19... Qxc2 $5 20.
Nc5 $1 Nh4 $1 {[%cal Rh4f3] was best chance for Black, after almost force} 21.
Kh1 (21. Qxh4 Qxc5) 21... Nf5 22. Qc3 Qxc3 23. Nxc3 Bf7 24. Nxd5 Rad8 25. Nb6
$14 {black keep good chances for successful defence}) 20. f4 Nc6 21. Qf2 Bg4
22. g3 {[%csl Rd5][%cal Gf1g2] Bishop is ready to come to g2 - bad news for
pawn d5!} Nb4 23. h3 Bxe2 (23... Nxc2 24. hxg4 Nxe1 25. Qxe1 $18) 24. Rxe2 Ne7
(24... Nxc2 $4 25. Rc1 {[%cal Rc1c7]}) 25. c3 Nbc6 26. Bg2 $16 {[%csl Gd1,Rd5,
Ge2,Gg2]} Rfd8 27. Red2 Na5 28. Nd4 ({Simple} 28. Bxd5+ $5 {with possible
continuation} Nxd5 29. Rxd5 Rxd5 30. Rxd5 Nxb3 (30... Nc4 31. Rc5 $5) 31. axb3
Re8 $16 {was good alternative to the text}) 28... Rd6 (28... Nc4 29. Ne6 Qb8
30. Nxd8 Nxd2 31. Qxd2 Rxd8 32. c4 $1 d4 $140 33. Bd5+ $1 Nxd5 34. Qxd4 {
[%cal Rd4d8]}) 29. Re2 {[%cal Gd1e1,Ge2e8]} Nac6 30. Rde1 Qd7 31. h4 $5 {
[%cal Gg1h2,Gg2h3] Handke slowly but surely improves position of every piece}
f5 (31... Nf5 32. Nxf5 (32. Bh3 Ncxd4 33. cxd4 Rdc6) (32. Nxc6 $5 bxc6 33. Bh3
$36) 32... Qxf5 33. Qc5) 32. Re3 Rf8 33. Qd2 Rf7 34. Rd3 {[%cal Gd3d7,Gd4f3]}
Rff6 35. Kh2 g6 36. Rd1 Na5 37. b3 $1 Qc7 38. Nc2 $1 {[%csl Rd5][%cal Gc3c4,
Gc2e3] Black can't protect d5 pawn anymore and rest  is quite simple} Nac6 (
38... Qd8 39. c4) 39. Ne3 d4 40. cxd4 Qa5 41. d5 $18 Qxd2 42. R3xd2 Nb8 43. Nc4
Rd8 44. Na5 (44. d6 Nec6 45. Ne5 Kf8) 44... Rb6 (44... b5 $5) 45. d6 Nec6 46.
Nc4 Rb5 47. Re1 Rc5 48. Re7 $1 {Final blow} Rxc4 (48... Nxe7 49. dxe7 Re8 50.
Rd8 Kf7 51. Nd6+ $18) (48... b5 49. Ne5 Rxe5 50. fxe5 $5 Nxe7 51. dxe7 Re8 52.
e6 $1 {[%csl Rb8,Gg2]} Rxe7 53. Rd8+ $18) 49. Bd5+ Kf8 (49... Kh8 50. Bxc4 Nxe7
51. dxe7 Rxd2+ 52. Kh3 $18) 50. Rf7+ Ke8 (50... Kg8 51. Rxb7+) 51. Bxc4 {
Good positional game} 1-0